| 000 | 03844nac a2200289 a 4500 | ||
|---|---|---|---|
| 003 | CO-PeBPM | ||
| 005 | 20260422153928.0 | ||
| 007 | ta | ||
| 008 | 260124s2025 ck oa||| |||| 00| 0 spa d | ||
| 020 | _a9786289553956 | ||
| 040 |
_aCO-PeBPM _bspa _cCO-PeBPM _erda |
||
| 041 | _aspa | ||
| 082 | 0 | 4 |
_a745.5 A473m _222 |
| 100 | 1 |
_aÁlvarez Betancur, Daniel _eautor |
|
| 245 | 1 | 0 |
_aManos a la obra _b : Manualidades para todos _c/ Textos Daniel Álvarez Betancur |
| 250 | _aSegunda reimpresión | ||
| 264 |
_aBogotá, Colombia _b : Secretos Para Contar _c, 2025 |
||
| 300 |
_a184 páginas _bilustraciones a color, fotografías _c27 centimetros |
||
| 490 | _aSecretos para contar | ||
| 500 | _aIncluye índice | ||
| 505 | _aUsar las manos -- manualidades para niños -- la importancia de las manualidades en el desarrollo de los niños -- pintura multicolor -- crear con la naturaleza -- antifaces -- dediles -- abanico de papel -- calcetín tin tin -- teatro de cartón -- seres de piedra -- sobres decorados -- figuras inesperadas -- dibujar, divertirse -- cerdo -- perro -- pato -- gallina -- conejo -- caballo -- ardilla -- jaguar -- expresiones faciales -- portalápices de cartón -- cubos descubicados -- bailarinas de hilos -- farolitos con hojas -- figuras de origami -- zorro -- perro -- conejo -- cerdo -- pingüino -- criaturas del bosque -- ¡a navegar! -- telar de cartón -- cometa -- ideas que inspiran -- manualidades para adultos -- paciencia, persistencia y disfrute -- pintura decorativa -- recomendaciones generales -- hoja de palma -- hoja de dos colores -- hoja de helecho -- tulipán -- girasol -- hortensia -- pintura con plantilla y esponja -- ideas que inspiran -- tejidos y costura -- bordado -- pespunte -- puntada partida -- espina de pez -- satín -- recuperar prendas -- croché -- punto cadeneta -- punto bajo -- punto alto o punto pilar -- cuadrito -- patrones -- iraca -- procesamiento del tallo o vena de la iraca -- preparación de los cogollos de la iraca -- canastos -- muñequitas -- tejido plano con iraca -- ideas que inspiran -- arcilla y cerámica -- recolectar arcillas -- preparación de las arcillas -- acabados -- vasija con técnica de rollos -- vasija con técnica de pellizco -- animales o figuras de una bolita de arcilla -- figuras en plancha -- piezas para collares -- quemar arcilla -- elaboración de un horno para cerámica -- ideas que inspiran -- carpintería -- sembrar la casa de tus hijos -- generalidades sobre la madera -- recomendaciones sobre las herramientas -- acabados -- elaboración de una prensa de madera -- perchero -- escalera -- locero -- frutero -- lámpara de techo -- taburete -- repisa -- banca -- mesa -- ideas que inspiran | ||
| 520 | _aManos a la obra es un libro pensado para que niños y adultos, por medio del trabajo manual, afinen habilidades psicomotrices, desarrollen la creatividad, la atención y la concentración y tengan un mejor conocimiento de sus capacidades. También, para encontrar formas de utilizar el tiempo libre, embellecer los espacios, elaborar objetos útiles y realizar actividades que ayuden a afianzar relaciones con otras personas. Además, aprender sobre alguna labor con potencial comercial para emprender o para complementar los ingresos familiares. Manos a la obra contiene nociones básicas con múltiples aplicaciones en la elaboración de manualidades para niños, pintura decorativa, bordado, croché, tejido con iraca, cerámica y carpintería. Es una puerta que se abre al universo fantástico e infinito de las manualidades, donde cada uno puede llegar tan lejos como su persistencia y sus ganas lo permitan. (Tomado de la contraportada) | ||
| 650 | 1 | 7 |
_aManualidades _2LEMB |
| 650 | 1 | 7 |
_aArtesanías _2LEMB |
| 942 |
_2ddc _cBK _n0 |
||
| 999 |
_c107078 _d107078 |
||